000 00760nam a2200277 a 4500
003 AR-BaBNM
005 20251128203305.0
008 082120s2002 ||||||||||||||000 | spa||
020 _a950-46-0095-6
040 _cAR-BaBNM
100 1 _aUngerer, Tomi
245 0 0 _aCrictor
260 _aBuenos Aires
_bAlfaguara
_bSantillana
_c1988
300 _a36 p.
_bil.
490 0 _aPlan lector
_vv. 3
500 _aTexto de lectura recomendado para niños de 1 grado de escuela primaria
650 4 _aLITERATURA INFANTIL
650 4 _aLIBROS PARA NIÑOS
650 4 _aCUENTOS DE ANIMALES
650 4 _aENSEÑANZA DE LA LECTURA
650 4 _aCUENTOS DE AVENTURAS
653 _aEDUCACION PRIMARIA
655 _aLITERATURA
942 _cBK
998 _claura
999 _c2743
_d2743